OXFORD CHEMISTRY TODAY (Record no. 216774)

MARC details
000 -LEADER
fixed length control field 00405nam a22001577a 4500
008 - FIXED-LENGTH DATA ELEMENTS--GENERAL INFORMATION
fixed length control field 260303b |||||||| |||| 00| 0 eng d
020 ## - INTERNATIONAL STANDARD BOOK NUMBER
International Standard Book Number 978 9914 44 768 2
050 ## - LIBRARY OF CONGRESS CALL NUMBER
Classification number QD 35.O94 2025
100 ## - MAIN ENTRY--PERSONAL NAME
Personal name ORADO GRACE
245 ## - TITLE STATEMENT
Title OXFORD CHEMISTRY TODAY
260 ## - PUBLICATION, DISTRIBUTION, ETC.
Place of publication, distribution, etc. NAIROBI,KENYA
Name of publisher, distributor, etc. OXFORD UNIVERSITY PRESS
Date of publication, distribution, etc. 2025
300 ## - PHYSICAL DESCRIPTION
Extent 172PG.
650 ## - SUBJECT ADDED ENTRY
Topical term or geographic name entry element CHEMISTRY
942 ## - ADDED ENTRY ELEMENTS (KOHA)
Source of classification or shelving scheme Library of Congress Classification
Koha item type Long Loan Book
Holdings
Withdrawn status Lost status Source of classification or shelving scheme Damaged status Not for loan Collection Home library Current library Shelving location Date acquired Inventory number Total checkouts Full call number Barcode Date last seen Copy number Price effective from Koha item type
    Library of Congress Classification     Science & Technology Kisii University Library Kisii University Library On Display 03/03/2026 112358   QD 35.O94 2025 A000342 03/03/2026 1 03/03/2026 Long Loan Book
    Library of Congress Classification     Science & Technology Kisii University Library Kisii University Library On Display 03/03/2026 112359   QD 35.O94 2025 A000341 03/03/2026 2 03/03/2026 Long Loan Book
    Library of Congress Classification     Science & Technology Kisii University Library Kisii University Library On Display 03/03/2026 112360   QD 35.O94 2025 A000344 03/03/2026 3 03/03/2026 Long Loan Book
    Library of Congress Classification     Science & Technology Kisii University Library Kisii University Library On Display 03/03/2026 112361   QD 35.O94 2025 A000374 03/03/2026 4 03/03/2026 Long Loan Book
    Library of Congress Classification     Science & Technology Kisii University Library Kisii University Library On Display 03/03/2026 112362   QD 35.O94 2025 A000346 03/03/2026 5 03/03/2026 Long Loan Book